<?xml version="1.0" encoding="UTF-8"?>
<record
    xmlns:xsi="http://www.w3.org/2001/XMLSchema-instance"
    xsi:schemaLocation="http://www.loc.gov/MARC21/slim http://www.loc.gov/standards/marcxml/schema/MARC21slim.xsd"
    xmlns="http://www.loc.gov/MARC21/slim">

  <leader>01311nam a22001817a 4500</leader>
  <datafield tag="999" ind1=" " ind2=" ">
    <subfield code="c">68888</subfield>
    <subfield code="d">68888</subfield>
  </datafield>
  <controlfield tag="005">20210325211448.0</controlfield>
  <controlfield tag="008">      s2555    th ||||| |||| 00| 0 tha d</controlfield>
  <datafield tag="040" ind1=" " ind2=" ">
    <subfield code="a">NALT</subfield>
  </datafield>
  <datafield tag="050" ind1=" " ind2=" ">
    <subfield code="a">LB 1028 </subfield>
    <subfield code="b">&#xE28;615&#xE01; 2555</subfield>
  </datafield>
  <datafield tag="110" ind1="2" ind2=" ">
    <subfield code="a">&#xE01;&#xE23;&#xE30;&#xE17;&#xE23;&#xE27;&#xE07;&#xE28;&#xE36;&#xE01;&#xE29;&#xE32;&#xE18;&#xE34;&#xE01;&#xE32;&#xE23;.</subfield>
    <subfield code="b">&#xE2A;&#xE33;&#xE19;&#xE31;&#xE01;&#xE07;&#xE32;&#xE19;&#xE40;&#xE25;&#xE02;&#xE32;&#xE18;&#xE34;&#xE01;&#xE32;&#xE23;&#xE2A;&#xE20;&#xE32;&#xE01;&#xE32;&#xE23;&#xE28;&#xE36;&#xE01;&#xE29;&#xE32;</subfield>
    <subfield code="9">1320</subfield>
  </datafield>
  <datafield tag="245" ind1="1" ind2="0">
    <subfield code="a">&#xE01;&#xE23;&#xE2D;&#xE1A;&#xE41;&#xE25;&#xE30;&#xE17;&#xE34;&#xE28;&#xE17;&#xE32;&#xE07;&#xE01;&#xE32;&#xE23;&#xE27;&#xE34;&#xE08;&#xE31;&#xE22;&#xE17;&#xE32;&#xE07;&#xE01;&#xE32;&#xE23;&#xE28;&#xE36;&#xE01;&#xE29;&#xE32;&#xE02;&#xE2D;&#xE07;&#xE1B;&#xE23;&#xE30;&#xE40;&#xE17;&#xE28; (&#xE1E;.&#xE28;. 2555-2558) &#xE40;&#xE1E;&#xE37;&#xE48;&#xE2D;&#xE2A;&#xE19;&#xE31;&#xE1A;&#xE2A;&#xE19;&#xE38;&#xE19;&#xE01;&#xE32;&#xE23;&#xE14;&#xE33;&#xE40;&#xE19;&#xE34;&#xE19;&#xE07;&#xE32;&#xE19;&#xE15;&#xE32;&#xE21;&#xE19;&#xE42;&#xE22;&#xE1A;&#xE32;&#xE22;&#xE14;&#xE49;&#xE32;&#xE19;&#xE01;&#xE32;&#xE23;&#xE28;&#xE36;&#xE01;&#xE29;&#xE32;&#xE02;&#xE2D;&#xE07;&#xE23;&#xE31;&#xE10;&#xE1A;&#xE32;&#xE25; /</subfield>
    <subfield code="c">&#xE2A;&#xE33;&#xE19;&#xE31;&#xE01;&#xE07;&#xE32;&#xE19;&#xE40;&#xE25;&#xE02;&#xE32;&#xE18;&#xE34;&#xE01;&#xE32;&#xE23;&#xE2A;&#xE20;&#xE32;&#xE01;&#xE32;&#xE23;&#xE28;&#xE36;&#xE01;&#xE29;&#xE32; &#xE01;&#xE23;&#xE30;&#xE17;&#xE23;&#xE27;&#xE07;&#xE28;&#xE36;&#xE01;&#xE29;&#xE32;&#xE18;&#xE34;&#xE01;&#xE32;&#xE23;.</subfield>
  </datafield>
  <datafield tag="260" ind1=" " ind2=" ">
    <subfield code="a">&#xE01;&#xE23;&#xE38;&#xE07;&#xE40;&#xE17;&#xE1E;&#xE2F; : </subfield>
    <subfield code="b">&#xE2A;&#xE33;&#xE19;&#xE31;&#xE01;&#xE07;&#xE32;&#xE19;&#xE40;&#xE25;&#xE02;&#xE32;&#xE18;&#xE34;&#xE01;&#xE32;&#xE23;&#xE2A;&#xE20;&#xE32;&#xE01;&#xE32;&#xE23;&#xE28;&#xE36;&#xE01;&#xE29;&#xE32;, </subfield>
    <subfield code="c">2555.</subfield>
  </datafield>
  <datafield tag="300" ind1=" " ind2=" ">
    <subfield code="a">91 &#xE2B;&#xE19;&#xE49;&#xE32; :</subfield>
    <subfield code="b">&#xE20;&#xE32;&#xE1E;&#xE1B;&#xE23;&#xE30;&#xE01;&#xE2D;&#xE1A;, &#xE15;&#xE32;&#xE23;&#xE32;&#xE07; ;</subfield>
    <subfield code="c">30 &#xE0B;&#xE21;.</subfield>
  </datafield>
  <datafield tag="650" ind1=" " ind2="4">
    <subfield code="a">&#xE01;&#xE32;&#xE23;&#xE28;&#xE36;&#xE01;&#xE29;&#xE32; </subfield>
    <subfield code="9">5744</subfield>
    <subfield code="x">&#xE27;&#xE34;&#xE08;&#xE31;&#xE22;</subfield>
  </datafield>
  <datafield tag="850" ind1=" " ind2=" ">
    <subfield code="a">NALT</subfield>
  </datafield>
  <datafield tag="942" ind1=" " ind2=" ">
    <subfield code="c">GB</subfield>
    <subfield code="2">lcc</subfield>
  </datafield>
  <datafield tag="998" ind1=" " ind2=" ">
    <subfield code="j">1020</subfield>
    <subfield code="k"> &#xE08;&#xE33;&#xE40;&#xE23;&#xE35;&#xE22;&#xE07; &#xE23;&#xE30;&#xE27;&#xE31;&#xE07;&#xE2A;&#xE33;&#xE42;&#xE23;&#xE07;</subfield>
  </datafield>
  <datafield tag="952" ind1=" " ind2=" ">
    <subfield code="0">0</subfield>
    <subfield code="1">0</subfield>
    <subfield code="4">0</subfield>
    <subfield code="7">0</subfield>
    <subfield code="8">CGBL</subfield>
    <subfield code="a">NALT</subfield>
    <subfield code="b">NALT</subfield>
    <subfield code="e">&#xE1A;&#xE23;&#xE34;&#xE08;&#xE32;&#xE04;</subfield>
    <subfield code="l">0</subfield>
    <subfield code="o">LB 1028 &#xE28;615&#xE01; 2555</subfield>
    <subfield code="p">3961192816</subfield>
    <subfield code="r">2017-06-09 00:00:00</subfield>
    <subfield code="t">&#xE09;. 2</subfield>
    <subfield code="w">2017-06-09</subfield>
    <subfield code="y">GB</subfield>
  </datafield>
  <datafield tag="952" ind1=" " ind2=" ">
    <subfield code="0">0</subfield>
    <subfield code="1">0</subfield>
    <subfield code="4">0</subfield>
    <subfield code="7">0</subfield>
    <subfield code="8">CGBL</subfield>
    <subfield code="a">NALT</subfield>
    <subfield code="b">NALT</subfield>
    <subfield code="e">&#xE1A;&#xE23;&#xE34;&#xE08;&#xE32;&#xE04;</subfield>
    <subfield code="l">0</subfield>
    <subfield code="o">LB 1028 &#xE28;615&#xE01; 2555</subfield>
    <subfield code="p">3961192815</subfield>
    <subfield code="r">2017-06-09 00:00:00</subfield>
    <subfield code="t">&#xE09;. 1</subfield>
    <subfield code="w">2017-06-09</subfield>
    <subfield code="y">GB</subfield>
  </datafield>
</record>
